000 00279nam a2200121Ia 4500
008 190216s9999||||xx |||||||||||||| ||und||
100 _aHajela T N
245 0 _aHistory Of Economic Thought
260 _bKonark Pub Pvt
_c1994
300 _a686
650 _aEconomics
942 _cBK
999 _c9947
_d9947